| 000 | 00418nam a22001697a 4500 | ||
|---|---|---|---|
| 005 | 20240902110549.0 | ||
| 008 | 240830b |||||||| |||| 00| 0 eng d | ||
| 020 | _a2017118033773 | ||
| 041 | _aeng | ||
| 082 | _a340 BAR | ||
| 100 | _aBARE ACT | ||
| 245 | _aTHE BHARATIYA NYAYA SANHITA, 2023 [45 OF 2023] | ||
| 260 |
_aDELHI _bPROFESSIONAL BOOK PUBLISHERSS _c2024 |
||
| 300 | _a224;P | ||
| 650 | _aLAW | ||
| 942 | _cBK | ||
| 999 |
_c8590 _d8588 |
||